000 02142nam a22002297a 4500
003 OSt
005 20260325105116.0
008 260325s 2000ag ||||| |||| 00| 0 spa d
020 _a950-673-246-9
040 _cAR-RoUNCS
_aAR-RoUNCS
080 _094(821.6)"193/199"
245 0 0 _aRosario en la Historia :
_b(de 1930 a nuestros días)
_nTomo 1 /
_cAlberto J. Pla, coordinador ; Marisa Armida ... [et al.].
260 _aRosario :
_bUNR Editora,
_c2000.
300 _a331 p. :
_bfot byn ;
_c23 cm.
500 _aIncluye índice de Intendentes de Rosario y Gobernadores de Santa Fe de 1930 a 1999. -
504 _aIncluye referencias bibliográficas. -
505 _aCapítulo 1: Una ciudad de transición y crisis (1930-1943) - Una ciudad abierta, migraciones y diseño urbano - De comercios, fábricas y barcos - La política rosarina - La ciudad entre dos guerras: la Guerra Civil española y la Segunda Guerra mundial - Viejos y nuevos trabajadores en las calles rosarinas - El espejo de la ciudad moderna - ¿Una educación para todos? Universidad, escuelas, bibliotecas - Huelga y profesionalismo en el fútbol rosariono de la década del treinta. Capítulo 2: Los avatares del populismo (1943-1955) - ¿Un nuevo modelo de acumulación-Un nuevo pacto social? - Rosario en una nueva encrucijada: 1943-1945 - La política y el Peronismo en la Provincia - Rosario 1945-1955 - Los planes quinquenales y la repercusión social - Educación, universidad y peronismo - Eva perón : figura y símbolo de la militancia peronista - De las jornadas de junio al caso de Ingalinella - Las Jornadas de septiembre de 1955. Golpe gorila o Revolución libertadora. Capítulo 3: Entre la proscripción y el desarrollo (1955-1966) - Antinomias fuertes, unidades efímeras - La resistencia peronista - El desarrollismo - La política en la escena local - La administración como política. Luis Candido Carballo - Entre constituciones y golpes militares - El tibio triunfo del radicalismo.
650 7 _2embne
_aRosario
_xHistoria
_y1930-1999
700 1 _aArmida, Marisa
_eautor
700 1 _aPla, Alberto J.
_ecoordinador
_d1926-2008
942 _2udc
_cLPD
_n0
999 _c972
_d972